El mueble español (Record no. 5148)

MARC details
000 -CABECERA
campo de control de longitud fija 01016nam a2200289 a 4500
001 - NÚMERO DE CONTROL
campo de control BRCA_5454
005 - FECHA Y HORA DE LA ÚLTIMA TRANSACCIÓN
campo de control 20190320205103.0
008 - DATOS DE LONGITUD FIJA--INFORMACIÓN GENERAL
campo de control de longitud fija 211210s1969----sp-a###f#e---#000-0#spa-#
041 ## - CÓDIGO DE LENGUA
Código de lengua del texto/banda sonora o título independiente spa
044 ## - CÓDIGO DEL PAÍS DE LA ENTIDAD EDITORA/PRODUCTORA
Código MARC del país sp
050 #4 - SIGNATURA TOPOGRÁFICA DE LA BIBLIOTECA DEL CONGRESO
Número de clasificación NK2599
Número de documento/Ítem .F43 1969
100 1# - ENTRADA PRINCIPAL--NOMBRE DE PERSONA
Nombre de persona Feduchi, L.
Fechas asociadas al nombre 1901-1975
9 (RLIN) 13933
245 10 - MENCIÓN DE TÍTULO
Título El mueble español
Mención de responsabilidad, etc. Luis Feduchi.
260 ## - PUBLICACIÓN, DISTRIBUCIÓN, ETC.
Lugar de publicación, distribución, etc. Barcelona
Nombre del editor, distribuidor, etc. Polígrafa
Fecha de publicación, distribución, etc. 1969
300 ## - DESCRIPCIÓN FÍSICA
Extensión 313 p.
Otras características físicas il. (algunas a color)
Dimensiones 28 cm.
440 #0 - MENCIÓN DE SERIE/PUNTO DE ACCESO ADICIONAL--TÍTULO
Título Biblioteca de arte hispanico
9 (RLIN) 13934
500 ## - NOTA GENERAL
Nota general Incluye notas al texto e índice de ilustraciones
500 ## - NOTA GENERAL
Nota general Donación Dr. Héctor Rivero Borrell Vázquez
500 ## - NOTA GENERAL
Nota general Esta edición se encuentra en el Área de Investigación
500 ## - NOTA GENERAL
Nota general La biblioteca cuenta con un 2do ejemplar perteneciente al Fondo General Franz Mayer (31-22)
504 ## - NOTA DE BIBLIOGRAFÍA, ETC.
Nota de bibliografía, etc. Bibliografía: p. 310-313
546 ## - NOTA DE LENGUA/LENGUAJE
Nota de lengua/lenguaje Texto en: español, inglés, francés y alemán
650 14 - PUNTO DE ACCESO ADICIONAL DE MATERIA--TÉRMINO DE MATERIA
Término de materia o nombre geográfico como elemento de entrada Muebles españoles
9 (RLIN) 13935
650 14 - PUNTO DE ACCESO ADICIONAL DE MATERIA--TÉRMINO DE MATERIA
Término de materia o nombre geográfico como elemento de entrada Muebles
Subdivisión general Historia
9 (RLIN) 4173
902 ## - CATALOGADOR
Iniciales DHR
942 ## - ELEMENTOS DE PUNTO DE ACCESO ADICIONAL (KOHA)
Fuente del sistema de clasificación o colocación Library of Congress Classification
Tipo de ítem Koha Libros
Holdings
Estado de retiro Estado de pérdida Estado dañado No para préstamo Localización permanente Ubicación/localización actual Fecha de adquisición Total de préstamos Signatura topográfica completa Código de barras Fecha visto por última vez Precio válido a partir de Tipo de ítem Koha
El ejemplar forma parte de la colección y puede ser consultado según las políticas vigentes.       Biblioteca del Museo Franz Mayer (Rogerio Casas-Alatriste) Biblioteca del Museo Franz Mayer (Rogerio Casas-Alatriste) 21/12/2010   NK2599 .F43 1969 DHR00105 22/03/2019 22/03/2019 Libros